Riconosci il Capoluogo di Provincia - Italia Nord-Ovest - Statistics

Statistiche generali
  • Questo quiz è stato fatto 68 volte
  • Il punteggio medio è 10 su 13
Statistiche sulle risposte
con Immagini Risposta % Corretto
Imperia
98%
Aosta
89%
Genova
87%
Savona
83%
Cuneo
79%
Torino
79%
Novara
77%
Vercelli
75%
Biella
74%
Asti
72%
Alessandria
70%
La Spezia
70%
Verbania
66%
Nessun quiz corrispondente trovato
Distribuzione punteggi
Percentuale di utenti per punteggio
Percentile per numero di risposta
I tuoi punteggi nel tempo
Non hai fatto questo quiz